O vojakovi tulákovi

Bibliographic Details
Main Author: Żeromski, Stefan, 1864-1925 (Author)
Other Authors: Temeš, Marián J., 1908-1989 (Translator)
Format: Book
Language:Slovak
Polish
PhysicalDescription:105 s. 17 cm
Published: Bratislava Slovenské vydavateľstvo krásnej literatúry 1958
Series:Malá svetová knižnica
Subjects:

MARC

LEADER 00000nam a2200000 a 4500
001 vtls008326796
003 SK-MaSNL
005 20260301075027.0
008 181127s1958 xo e 000 f slo
015 |a SKSNBA1958/10-01514 
020 |q (brož.) 
035 |a SK01SNK19580019013 
035 |a SKM000021476 
040 |a SNK  |b slo  |c SNK  |e AACR2 
041 1 |a slo  |h pol 
044 |a xo  |c SK 
072 7 |a 821.162.1  |x Poľská literatúra  |2 konspekt 
080 |a 821.162.1-32  |2 2011 
100 1 |a Żeromski, Stefan,  |d 1864-1925  |4 aut  |9 202424 
240 1 0 |a O zołnierzu tułaczu  |l Slovensky 
245 1 0 |a O vojakovi tulákovi  |c Stefan Žeromski ; [z poľského originálu ... preložil Marián J. Temeš ; štúdiu napísala Halina Ivaničková] 
260 |a Bratislava  |b Slovenské vydavateľstvo krásnej literatúry  |c 1958 
300 |a 105 s.  |c 17 cm 
366 |e 8230 výt. 
490 1 |a Malá svetová knižnica  |v zv. 18 
500 |a Pozn. 
655 7 |a poľské novely  |2 SNKPH  |9 83331 
655 7 |a Polish novellas  |2 SNKPHeng  |9 398555 
700 1 |a Temeš, Marián J.,  |d 1908-1989  |4 trl  |9 40224 
700 1 |a Janaszek-Ivaničková, Halina,  |d 1931-2016  |4 oth  |9 66677 
830 0 |a Malá svetová knižnica  |9 307721 
852 |a Slovenská národná knižnica v Martine  |b 10000  |h SD 15524 
852 |a Slovenská národná knižnica v Martine  |b 10000  |h SD 15524 D1 
919 |a brož. 
958 |a OND 
958 |a TL 
958 |a PL 
958 |a LX 
958 |a UP 
958 |a RK 
999 |c 648949  |d 650879 
952 |a SNK  |b SNK  |y PREZ  |7 0  |p 17A0585986  |o snkSD 15524  |i snkKSP 2065/58  |0 0  |1 0  |4 0  |d 2008-04-02  |l 0  |r 2025-11-28 00:00:00  |w 2026-02-23